LDR 00740naa#a2200181#i#450# 001 EN\FGKOU VO SPBU MVD ROSSII\bibl\125327 005 20260704000539.6 011 ## _a2227-7226 100 ## _a20260630b2026####ek#y0engy0150####ca 102 ## _aRU 200 1# _aThe personality of a criminal as a subject of research in criminal law sciences _eJournal article 210 1# _aSt. Petersburg _cSAINT-PETERSBURG UNIVERSITY OF THE MINISTRY OF INTERNAL AFFAIRS OF THE RUSSIAN FEDERATION _d2026 215 ## _a6 с. 608 ## _aJournal article _2local 675 ## _aПреступники. Субъекты наказуемых деяний. 343.22 _z 700 #1 _aAlekseeva _gAnna Pavlovna 700 #1 _aBugera _gNatal'ya Nikolaevna 856 4# _arussianjournaldeviantbehavior.ru _u